|
|
|
|
| LEADER |
00000nas a2200000 i 4500 |
| 001 |
ssj0001078648 |
| 003 |
WaSeSS |
| 005 |
20200512172242.0 |
| 006 |
m d |
| 007 |
cr n |
| 008 |
140110u19uuuuuudcud| n|s|||||| |0eng d |
| 035 |
|
|
|a (WaSeSS)ssj0001078648
|
| 040 |
|
|
|a WaSeSS
|b eng
|c WaSeSS
|d WaSeSS
|
| 043 |
|
|
|a n-us-dc
|
| 050 |
1 |
4 |
|a F191
|
| 130 |
0 |
|
|a UPIs 20th century top stories (Washington, District of Columbia)
|
| 245 |
1 |
0 |
|a UPIs 20th century top stories
|h [electronic resource].
|
| 246 |
1 |
|
|a United Press Internationals 20th century top stories
|
| 260 |
|
|
|a Washington, District of Columbia :
|b United Press International
|
| 310 |
|
|
|a Daily
|
| 506 |
|
|
|a License restrictions may limit access.
|
| 588 |
|
|
|a Description based on: August 20, 1907; title from title screen (ProQuest, viewed Jan. 10, 2014).
|
| 588 |
|
|
|a Latest issue consulted: December 13, 2000 (viewed Jan. 10, 2014).
|
| 651 |
|
0 |
|a Washington (D.C.)
|v Newspapers.
|
| 655 |
|
0 |
|a Electronic journals.
|
| 856 |
4 |
0 |
|z Full text available from Research Library: 08/20/1907 to 12/13/2000
|u https://search.proquest.com/publication/28859
|